Ryga - quiz wielokrotnego wyboru - Statystyki

Ogólne statystyki
  • Ten quiz został rozwiązany 436 razy
  • Średni wynik to 5 z 10
Statystyki odpowiedzi
Zagadnienie Odpowiedź % Poprawnych
Ryga należy do tzw. miast Hanzeatyckich. Co to oznacza? Była częścią średniowiecznego związku kupieckiego
88%
Który z tych języków jest najpopularniejszy w Rydze (nie licząc łotewskiego)? Rosyjski
84%
Który z poniższych środków transportu NIE działa w Rydze? Metro
81%
Która z tych ciekawostek o Rydze jest prawdziwa? Miasto zostało zaprojektowane tak, aby łatwo można było je spalić
70%
Na terenie którego historycznego regionu znajduje się Ryga? Inflanty
51%
Które zdjęcie przedstawia Rygę?
50%
Które z tych jezior znajduje się w granicach Rygi? Ķīšezers
39%
Która z tych stolic znajduje się najbliżej Rygi? Wilno
36%
Jaki styl architektoniczny dominuje w centrum Rygi? Secesja
31%
Ile wynosi PKB per capita wg siły nabywczej w Rydze? $20,500
10%
Nie znaleziono quizów pasujących do podanych kryteriów
Rozkład punktacji
Procent ludzi z każdym wynikiem
Percentyl według liczby udzielonych odpowiedzi
Twoja historia wyników
Nie rozwiązałeś tego quizu